Statistics for Goal scorers in most important matches in XXI century.

Click here to take the quiz!

General Stats

  • This quiz has been taken 48 times
  • The average score is 54 of 105

Answer Stats

GroupMatchSeasonMinuteAnswer% Correct
Champions League FinalsManchester United 1:1 Chelsea2007/0826'Cristiano Ronaldo
100%
Champions League FinalsJuventus 1:4 Real Madrid2016/1720', 64'Cristiano Ronaldo
100%
Champions League FinalsReal Madrid 4:1 Atletico Madrid2013/14120'Cristiano Ronaldo
100%
FIFA World Cup FinalsGermany 0:2 Brazil200267', 79'Ronaldo
100%
Champions League FinalsFC Barcelona 3:1 Manchester United2010/1154'Lionel Messi
97%
Champions League FinalsFC Barcelona 2:0 Manchester United2008/0970'Lionel Messi
97%
Champions League FinalsJuventus 1:3 FC Barcelona2014/1568'Luis Suárez
94%
Copa America FinalsUruguay 3:0 Paraguay201111'Luis Suárez
94%
Champions League FinalsReal Madrid 4:1 Atletico Madrid2013/1490'+3'Sergio Ramos
94%
Champions League FinalsReal Madrid 1:1 Atletico Madrid2015/1615'Sergio Ramos
94%
Champions League FinalsTottenham 0:2 Liverpool2018/192'Mohammed Salah
91%
Champions League FinalsReal Madrid 2:1 Bayer 042001/0245'Zinédine Zidane
91%
FIFA World Cup FinalsItaly 1:1 France20067'Zinédine Zidane
91%
Champions League FinalsReal Madrid 4:1 Atletico Madrid2013/14110'Gareth Bale
88%
Champions League FinalsReal Madrid 3:1 Liverpool2017/1864', 83'Gareth Bale
88%
Champions League FinalsJuventus 1:3 FC Barcelona2014/1590'+7'Neymar
88%
FIFA World Cup FinalsNetherlands 0:1 Spain2010116'Andrés Iniesta
85%
Champions League FinalsBayern München 1:1 Chelsea2011/1288'Didier Drogba
85%
Champions League FinalsReal Madrid 3:1 Liverpool2017/1851'Karim Benzema
85%
Champions League FinalsReal Madrid 3:1 Liverpool2017/1855'Sadio Mane
85%
FIFA World Cup FinalsFrance 4:2 Croatia201838'Antoine Griezmann
82%
Europa League FinalsOlympique Marseille 0:3 Atletico Madrid2017/1821', 49'Antoine Griezmann
82%
FIFA World Cup FinalsGermany 1:0 Argentina2014113'Mario Götze
82%
Champions League FinalsAC Milan 3:3 Liverpoool2004/0554'Steven Gerrard
82%
Champions League FinalsFC Barcelona 3:1 Manchester United2010/1134'Wayne Rooney
82%
UEFA Euro FinalsSpain 4:0 Italy201284'Fernando Torres
79%
Europa League FinalsBenfica 1:2 Chelsea2012/1360'Fernando Torres
79%
UEFA Euro FinalsGermany 0:1 Spain200833'Fernando Torres
79%
FIFA World Cup FinalsFrance 4:2 Croatia201869'Mario Mandžukić
79%
Champions League FinalsJuventus 1:4 Real Madrid2016/1727'Mario Mandžukić
79%
Champions League FinalsBorussia Dortmund 1:2 Bayern München2012/1360'Mario Mandžukić
79%
Champions League FinalsBorussia Dortmund 1:2 Bayern München2012/1389'Arjen Robben
76%
FIFA World Cup FinalsFrance 4:2 Croatia201865'Kylian Mbappe
76%
Champions League FinalsBayern München 1:1 Chelsea2011/1283'Thomas Müller
74%
Champions League FinalsJuventus 1:4 Real Madrid2016/1761'Casemiro
71%
Champions League FinalsFC Barcelona 3:1 Manchester United2010/1169'David Villa
71%
Champions League FinalsBayern München 0:2 Internazionale Milano2009/1035', 70'Diego Milito
68%
Champions League FinalsAC Milan 3:3 Liverpoool2004/0539', 44'Hernán Crespo
68%
Champions League FinalsTottenham 0:2 Liverpool2018/1987'Divock Origi
65%
Champions League FinalsAC Milan 2:1 Liverpool2006/0745', 82'Filippo Inzaghi
65%
FIFA World Cup FinalsFrance 4:2 Croatia201859'Paul Pogba
65%
Europa League FinalsAjax 0:2 Manchester United2016/1718'Paul Pogba
65%
Champions League FinalsManchester United 1:1 Chelsea2007/0845'Frank Lampard
62%
FIFA World Cup FinalsFrance 4:2 Croatia201828'Ivan Perišić
62%
Champions League FinalsJuventus 1:3 FC Barcelona2014/154'Ivan Rakitić
62%
Champions League FinalsFC Barcelona 2:1 Arsenal2005/0676'Samuel Eto'o
62%
Champions League FinalsFC Barcelona 2:0 Manchester United2008/0910'Samuel Eto'o
62%
Copa America FinalsUruguay 3:0 Paraguay201141', 89'Diego Forlán
59%
Europa League FinalsAtletico Madrid 2:1 Fulham2009/1032', 116'Diego Forlán
59%
Champions League FinalsAC Milan 3:3 Liverpoool2004/0560'Xabi Alonso
59%
Europa League FinalsChelsea 4:1 Arsenal2018/1965', 72'Eden Hazard
56%
Champions League FinalsJuventus 1:4 Real Madrid2016/1790'Marco Asensio
56%
FIFA World Cup FinalsItaly 1:1 France200619'Marco Materazzi
56%
Europa League FinalsChelsea 4:1 Arsenal2018/1949'Olivier Giroud
56%
Champions League FinalsReal Madrid 4:1 Atletico Madrid2013/1436'Diego Godin
53%
UEFA Euro FinalsPortugal 1:0 France2016109'Éder
53%
Champions League FinalsReal Madrid 4:1 Atletico Madrid2013/14118'Marcelo
53%
Champions League FinalsAC Milan 3:3 Liverpoool2004/051'Paolo Maldini
53%
Champions League FinalsJuventus 1:3 FC Barcelona2014/1555'Alvaro Morata
50%
UEFA Euro FinalsSpain 4:0 Italy201214'David Silva
50%
Champions League FinalsAS Monaco 0:3 FC Porto2003/0471'Deco
50%
Champions League FinalsBorussia Dortmund 1:2 Bayern München2012/1368'İlkay Gündoğan
50%
Champions League FinalsReal Madrid 2:1 Bayer 042001/028'Raúl
50%
UEFA Euro FinalsSpain 4:0 Italy201241'Jordi Alba
47%
Champions League FinalsFC Barcelona 3:1 Manchester United2010/1127'Pedro Rodriguez
44%
Europa League FinalsChelsea 4:1 Arsenal2018/1960'Pedro Rodriguez
44%
Europa League FinalsFC Porto 1:0 Braga2010/1144'Radamel Falcao
41%
Europa League FinalsAtletico Madrid 3:0 Athletic Bilbao2011/127', 34'Radamel Falcao
41%
Champions League FinalsReal Madrid 1:1 Atletico Madrid2015/1679'Yannick Carrasco
38%
Europa League FinalsLiverpool 1:3 Sevilla2015/1635'Daniel Sturridge
32%
Copa America FinalsBrasil 3:1 Peru201945'+2'Gabriel Jesus
32%
UEFA Euro FinalsSpain 4:0 Italy201288'Juan Mata
29%
Champions League FinalsFC Barcelona 2:1 Arsenal2005/0636'Sol Campbell
29%
Europa League FinalsBenfica 1:2 Chelsea2012/1390'+3'Branislav Ivanović
26%
Europa League FinalsOlympique Marseille 0:3 Atletico Madrid2017/1889'Gabi
26%
Champions League FinalsFC Barcelona 2:1 Arsenal2005/0681'Juliano Belletti
26%
Champions League FinalsBayern München 1:1 Valencia2000/0151'Stefan Effenberg
26%
Champions League FinalsAC Milan 3:3 Liverpoool2004/0556'Vladimír Šmicer
26%
Copa America FinalsArgentina 2:2 Brasil200490'+3'Adriano
24%
Copa America FinalsBrasil 3:0 Argentina200769'Dani Alves
18%
Europa League FinalsAjax 0:2 Manchester United2016/1748'Henrich Mkhitaryan
18%
Champions League FinalsReal Madrid 2:1 Bayer 042001/0214'Lúcio
18%
Europa League FinalsChelsea 4:1 Arsenal2018/1969'Alex Iwobi
15%
UEFA Euro FinalsPortugal 0:1 Greece200457'Angelos Charisteas
15%
Europa League FinalsLiverpool 1:3 Sevilla2015/1664', 70'Coke
15%
Europa League FinalsLiverpool 1:3 Sevilla2015/1646'Kévin Gameiro
15%
Europa League FinalsDnipro 2:3 Sevilla2014/1531', 73'Carlos Bacca
12%
Europa League FinalsDnipro 2:3 Sevilla2014/1528'Grzegorz Krychowiak
12%
Copa America FinalsBrasil 3:1 Peru201990'Richarlison
12%
Champions League FinalsAS Monaco 0:3 FC Porto2003/0439'Carlos Alberto
9%
Copa America FinalsBrasil 3:1 Peru201915'Everton
9%
Copa America FinalsArgentina 2:2 Brasil200445'Luisão
9%
Copa America FinalsBrasil 3:1 Peru201944'Paolo Guerrero
9%
Champions League FinalsBayern München 1:1 Valencia2000/013'Gaizka Medieta
3%
Copa America FinalsBrasil 3:0 Argentina20074'Júlio Baptista
3%
Europa League FinalsDnipro 2:3 Sevilla2014/157'Nikola Kalinić
3%
Europa League FinalsBenfica 1:2 Chelsea2012/1368'Óscar Cardozo
3%
Europa League FinalsDnipro 2:3 Sevilla2014/1544'Ruslan Rotan
3%
Copa America FinalsArgentina 2:2 Brasil200487'César Delgado
0%
Europa League FinalsAtletico Madrid 3:0 Athletic Bilbao2011/1285'Diego Ribas
0%
Champions League FinalsAC Milan 2:1 Liverpool2006/0789'Dirk Kuijt
0%
Champions League FinalsAS Monaco 0:3 FC Porto2003/0475'Dmitrij Aleniczew
0%
Copa America FinalsColombia 1:0 Mexico200165'Iván Córdoba
0%
Copa America FinalsArgentina 2:2 Brasil200420'Kily González
0%
Europa League FinalsAtletico Madrid 2:1 Fulham2009/1037'Simon Davies
0%

Score Distribution

Percentile by Number Answered

Percent of People with Each Score

Your Score History

You have not taken this quiz